| 000 | 00627cam a22002052 4500 | ||
|---|---|---|---|
| 001 | 0000021369 | ||
| 005 | 20151217155231.0 | ||
| 008 | 120419s xx 000 0 eng d | ||
| 020 | _a0071624961 | ||
| 040 |
_aKABU _cKABU |
||
| 245 | 1 | 0 | _aJawetz, Melnick, & Adelberg's medical microbiology. |
| 250 |
_a25th ed. / _bGeo. F. Brooks ... [et al.]. |
||
| 260 |
_aNew York : _bMcGraw-Hill Medical, _c2010. |
||
| 300 | _axi, 814 p. | ||
| 650 | 0 |
_aMedical microbiology. _@0000155703 |
|
| 700 | 1 |
_aBrooks, Geo. F. _@0000179662 |
|
| 852 | 1 | _9p2890 KES | |
| 908 | _a120419 | ||
| 950 | _@1 | ||
| 999 |
_c12179 _d12179 |
||